<?xml version="1.0" encoding="UTF-8"?>
<record
    xmlns:xsi="http://www.w3.org/2001/XMLSchema-instance"
    xsi:schemaLocation="http://www.loc.gov/MARC21/slim http://www.loc.gov/standards/marcxml/schema/MARC21slim.xsd"
    xmlns="http://www.loc.gov/MARC21/slim">

  <leader>01380nam a22002537a 4500</leader>
  <datafield tag="999" ind1=" " ind2=" ">
    <subfield code="c">22202</subfield>
    <subfield code="d">22202</subfield>
  </datafield>
  <controlfield tag="003">AR-CdUCM</controlfield>
  <controlfield tag="008">190425b           ||||| |||| 00| 0 spa d</controlfield>
  <datafield tag="040" ind1=" " ind2=" ">
    <subfield code="a">MUNICIPALIDAD PROVINCIAL DEL CUSCO</subfield>
    <subfield code="c">BIBLIOTECA MUNICIPAL DEL CUSCO</subfield>
  </datafield>
  <datafield tag="082" ind1=" " ind2=" ">
    <subfield code="a">Burrito/N&#xB0;57/2013</subfield>
  </datafield>
  <datafield tag="245" ind1=" " ind2=" ">
    <subfield code="a">El burrito cienciano :</subfield>
    <subfield code="b">publicaci&#xF3;n a nivel nacional /</subfield>
    <subfield code="c">Hugo Chac&#xF3;n N&#xFA;&#xF1;ez, Director y fundador</subfield>
  </datafield>
  <datafield tag="260" ind1=" " ind2=" ">
    <subfield code="a">Cusco.</subfield>
    <subfield code="a">Lima.</subfield>
    <subfield code="b">ESCOMES,</subfield>
    <subfield code="c">2013.</subfield>
  </datafield>
  <datafield tag="300" ind1=" " ind2=" ">
    <subfield code="a">38 p&#xE1;ginas. :</subfield>
    <subfield code="b">ilustraciones ;</subfield>
    <subfield code="c">29 cm.</subfield>
  </datafield>
  <datafield tag="440" ind1=" " ind2=" ">
    <subfield code="a">El Burrito Cienciano.</subfield>
    <subfield code="n">N&#xB0;57, setiembre-octubre 2013.</subfield>
    <subfield code="9">47636</subfield>
  </datafield>
  <datafield tag="505" ind1=" " ind2=" ">
    <subfield code="a">Contenido: La recuperaci&#xF3;n de los inmuebles del colegio Ciencias. -- Homenaje a los ilustres ciencianos. -- Rese&#xF1;a bibliogr&#xE1;fica de don Alfredo D&#xED;az Quintanilla. -- Ilustre cienciano Luis &#xC1;ngel Arag&#xF3;n Lobat&#xF3;n. -- Eleg&#xED;a y ficci&#xF3;n de Mario Vargas Llosa. -- Oswaldo N&#xFA;&#xF1;ez Pinto. -- Arguedas el Cusco y los cusque&#xF1;os. --  Origen de los nombres de las calles del Cusco. -- En el d&#xED;a del periodista. --  Jos&#xE9; Carlos Mari&#xE1;tegui. -- Semblanza del se&#xF1;or Oswaldo Nu&#xF1;ez Pinto.

</subfield>
  </datafield>
  <datafield tag="650" ind1=" " ind2=" ">
    <subfield code="a">Sociedad cusque&#xF1;a</subfield>
    <subfield code="9">47493</subfield>
  </datafield>
  <datafield tag="650" ind1=" " ind2=" ">
    <subfield code="a">Colegios del Cusco</subfield>
    <subfield code="9">24467</subfield>
  </datafield>
  <datafield tag="650" ind1=" " ind2=" ">
    <subfield code="a">Colegio Ciencias</subfield>
    <subfield code="9">47633</subfield>
  </datafield>
  <datafield tag="650" ind1=" " ind2=" ">
    <subfield code="a">Siglo XX</subfield>
    <subfield code="9">47561</subfield>
  </datafield>
  <datafield tag="700" ind1=" " ind2=" ">
    <subfield code="a">Mar&#xED;n, Lida</subfield>
    <subfield code="9">47628</subfield>
  </datafield>
  <datafield tag="700" ind1=" " ind2=" ">
    <subfield code="a">Moscoso Salazar, Nicanor</subfield>
    <subfield code="9">47634</subfield>
  </datafield>
  <datafield tag="700" ind1=" " ind2=" ">
    <subfield code="a">S&#xE1;nchez Hinojosa, Alberto</subfield>
    <subfield code="9">47635</subfield>
  </datafield>
  <datafield tag="942" ind1=" " ind2=" ">
    <subfield code="2">ddc</subfield>
    <subfield code="c">PP</subfield>
  </datafield>
  <datafield tag="945" ind1=" " ind2=" ">
    <subfield code="a">rac</subfield>
  </datafield>
  <datafield tag="952" ind1=" " ind2=" ">
    <subfield code="0">0</subfield>
    <subfield code="2">ddc</subfield>
    <subfield code="4">0</subfield>
    <subfield code="7">0</subfield>
    <subfield code="a">HEM</subfield>
    <subfield code="b">HEM</subfield>
    <subfield code="c">CART</subfield>
    <subfield code="d">2022-03-22</subfield>
    <subfield code="g">5.00</subfield>
    <subfield code="o">Burrito/N&#xB0;57/2013</subfield>
    <subfield code="p">REVC000837</subfield>
    <subfield code="r">2022-03-22</subfield>
    <subfield code="y">PP</subfield>
  </datafield>
</record>
